| 000 | 00505nam a2200193Ia 4500 | ||
|---|---|---|---|
| 008 | 151119s9999||||xx |||||||||||||| ||und|| | ||
| 082 | _a891.464 | ||
| 082 | _bGKKV6302 | ||
| 100 | _aडहानुकर शरदिनी | ||
| 245 | _aफुलवा | ||
| 260 | _a-- | ||
| 260 | _b-- | ||
| 260 | _c0 | ||
| 600 | _aडहानुकर शरदिनी | ||
| 630 | _aफुलवा | ||
| 700 | _aडहानुकर शरदिनी | ||
| 730 | _aफुलवा | ||
| 942 | _cBOOK | ||
| 999 |
_c1061165 _d1061162 |
||